000 00542cam a2200181 a 4500
001 13961054
005 20241203110411.0
008 050511s2003 gh b 000 0 eng
020 _a9988611099
050 0 0 _aDT512.9.N67
_bM34 2003
082 0 0 _a305.8009667
_222
100 1 _aMahama, Ibrahim,
_d1936-
245 1 0 _aEthnic conflicts in northern Ghana /
_cIbrahim Mahama.
260 _aTamale, Ghana :
_bCyber Systems,
_cc2003.
300 _aviii, 262 p. ;
_c24 cm.
650 0 _aSocial conflict
_zGhana
_zNorthern Region.
942 _2lcc
_cBK
_n0
999 _c1922
_d1922